00205nam a22000857a 4500008004100000082001100041245002200052260003600074300000900110260424b |||||||| |||| 00| 0 eng d a001060 aNarayanachar, K S aHublibSahitya Prakashanac2017 a536p